01285nam a2200325 i 4500003000900000005001700009007000300026008004100029020001800070040003000088082003000118100004800148245010600196250001800302264004500320300004500365336002700410337003400437338002800471500006300499590002700562650002900589650003100618700003900649700004700688910004800735942001400783952014500797999001700942DO-SdBNP20240826125436.0ta240820s2023 dr a 000 j spa d a9789945186062 aDO-SdBNPbspacBNPHUerda 4aRD863.44bG643c, 20232221 aGonzález, Geraldino,d1957-eautor92062810aCuentos cortos /cGeraldino González ; ilustraciones Dady romero ; presentación Cosette Bonnelly. a2a. edición aSanto Domingo :bEl Nuevo Diario,c2023. a60 páginas :bilustraciones ;c22 cm. 2rdaconten.atextobtxt 2rdamediaasin mediación bn 2rdacarrieravolumenbnc aIncluye datos biográficos del autor en la contraportada. aInventariado, 2024/ YL 0aCuentos dominicanos9176 0aLiteratura dominicana.9671 aRomero, Dadyeilustraciones9863631 aBonnelly, Cosette, 928830epresentación aYLockward/ Validado. Control de calidad MFF 2ddccLBS1 00102ddc51708PDaBNPHUbBNPHUcCTd2024-07-23eDeposito Legall0oBNPHU PD RD863.44 G643c, 2023p2024-4950r2024-08-20w2024-08-20yLBS1 c57490d57490